02464cam a22005054i 4500003000900000005001700009008004100026020001800067020001500085035002000100040003300120049000900153082001700162100002700179245012500206264003800331300005500369336002100424337002500445338002300470504003400493505078700527526001001314526001001324526001001334526001001344526000801354526000801362526000801370526000801378526000801386526000801394526000801402650002501410650003101435700002801466910002801494942001401522994001401536598001501550596000601565999016601571980005501737952016601792PE-LiUPU20250731173111.0181220s2018 miua r 001 0 eng d a9780310524687 a0310524687 a(Sirsi) a251115 aPE-LiUPUbspacPE-LiUPUerda aPRUA04a239bC512231 aChatraw, Josh,eautor.10aApologetics at the cross :ban introduction for Christian witness in late modernism /cJoshua D. Chatraw, Mark D. Allen. 1aGrand Rapids :bZondervan,c2018. a329 páginas :bilustraciones ;c24 centímetros atext2rdacontent aunmediated2rdamedia avolume2rdacarrier aÍndice : páginas 323-329.0 aIntroduction: An invitation to apologetics at the cross -- Part 1. The foundation for apologetics at the cross -- Apologetics in the Bible: part 1 -- Apologetics in the Bible: part 2 -- Apologetics within the great tradition: part 1 -- Apologetics within the great tradition: part 2 -- Part 2. The theological structure for apologetics at the cross -- Making sense of the methods -- Taking people to the cross through word and deed -- Cruciform humility before God and others -- Appealing to the whole person for the sake of the gospel -- Contextualization through the lens of the cross -- Part 3. The practice of apologetics at the cross. Preparing to engage (not spin) in late modernism from the inside out -- Engaging in late modernism -- Dealing with defeaters -- Making a case. aSEG42 aSEG41 aSEG40 aSEG39 aP94 aP87 aP86 aP85 aP77 aP76 aP3514aApologética.9232124aTestimonio (cristianismo).1 aAllen, Mark D.,eautor. adbmbncfcncfd20181220 2ddccBOOK aC0bPEPRU aCATALOGING a1 a239 C51wDEWEYc30565i79538f2021-11-10g4lCCODEBUL1mBULp20.99r0sYtBOOKu2018-12-20xTEOLOGIAPP850COMPRA1FCOMPR2o.STAFF. Colección Teologíad30565 81gALBERTO SANCHEZ Responsable de Automatización r2025-12-03 00:00:00i5l0o239 C51p79538te1v25.99w2018-12-20xPGyBKzinventario-2023-12-13102ddc50708GENfP85aBULbBULcGENd2018-12-20eCOMPRAg20.99